000 00478nam a2200205Ia 4500
003 IT-RoPAU
008 120407s9999 xx 000 0 und d
040 _aIT-RoPAU
040 _cIT-RoPAU
041 _aita
100 _aNikita Krusciov (Kruscev)
245 _aLa politica dell’Unione Sovietica. Rapporto al XX congresso del PCUS
250 _aRoma
260 _aEditori Riuniti
260 _c1956
300 _c cm
490 _v1
942 _cBK
999 _c14234
_d14234